| 000 | 006280000a22002050004500 | ||
|---|---|---|---|
| 003 | LK-CoMWRAF | ||
| 005 | 20231115122734.0 | ||
| 008 | 230817t1992 ||||| |||| 00| 0 eng d | ||
| 020 | _a8185233462 | ||
| 040 |
_aLK-CoMWRAF _dLK-CoMWRAF _eLK-CoMWRAF |
||
| 041 | _aeng | ||
| 082 |
_a340.5 _bGUR |
||
| 100 | _aGuraya, Muhammad Yusuf | ||
| 245 |
_aOrigins of Islamic Jurisprudence: _bwith special reference of Muwatta Imam Malik |
||
| 260 |
_aDelhi: _bNoor Publishing House, _c1992 |
||
| 300 |
_av, 130 p. ; 23 cm. _bBibliography and index included |
||
| 650 | _aISLAMIC LAW-Sources | ||
| 650 | _aSunna--Doctrines. | ||
| 942 | _cBK | ||
| 999 |
_c2015 _d2015 |
||